| 000 | 00929nam a2200349 a 4500 | ||
|---|---|---|---|
| 003 | AR-BaBNM | ||
| 005 | 20251128203344.0 | ||
| 008 | 082120s2002 ||||||||||||||000 | spa|| | ||
| 040 | _cAR-BaBNM | ||
| 100 | 1 | _aGuido, Emilio | |
| 245 | 0 | 0 | _aDerecho político e historia de las ideas políticas |
| 250 | _a3ª ed. | ||
| 260 |
_aBuenos Aires _bErgon _c1970 |
||
| 300 | _a562 p. | ||
| 500 | _aIndice p. 555-562 | ||
| 504 | _aBibliografía p. 549-554 | ||
| 650 | 4 | _aCIENCIAS POLITICAS | |
| 650 | 4 | _aHISTORIA INSTITUCIONAL | |
| 650 | 4 | _aHISTORIA POLITICA | |
| 650 | 4 | _aESTADO | |
| 650 | 4 | _aHISTORIA DE LAS IDEAS | |
| 650 | 4 | _aFILOSOFIA | |
| 650 | 4 | _aDOCTRINAS POLITICAS | |
| 650 | 4 | _aSOBERANIA | |
| 650 | 4 | _aHISTORIA ANTIGUA | |
| 650 | 4 | _aHISTORIA MEDIEVAL | |
| 650 | 4 | _aHISTORIA MODERNA | |
| 650 | 4 | _aORGANIZACION NACIONAL | |
| 650 | 4 | _aCONGRESO CONSTITUYENTE DE 1853 | |
| 942 | _cBK | ||
| 998 | _cMariana | ||
| 999 |
_c3022 _d3022 |
||